Loading...

Life of Adam Smith /

Bibliografiske detaljer
Hovedforfatter: Ross, Ian Simpson
Format: Printed Book
Sprog:English
Udgivet: New York : Clarendon Press, 1995.
LEADER 00781nam a2200169Ia 4500
008 150624b xxu||||| |||| 00| 0 eng d
020 |a 0198288212 
020 |a 198288212 
082 |a 330.092 
100 |a Ross, Ian Simpson 
245 |a Life of Adam Smith /  |c Ian Simpson Ross 
260 |a New York :  |b Clarendon Press,  |c 1995. 
300 |a 495 p. 
505 |a 1. Kirkcaldy 2. Boyhood 3. Glasgow 4. Never to be forgotten Hutcheson 5. Oxford 6. Respectable auditory 7. Lectures on the history of philosophy and law 8. Called to Glasgow university 9. Teacher 10. Publishing scholar and administor 11. Making of the the 
942 |c BK 
999 |c 47285  |d 47285 
952 |0 0  |1 0  |4 0  |6 330_092000000000000_ROS_L  |7 0  |9 47266  |a UL  |b UL  |c ST2  |d 1998-09-01  |o 330.092 ROS/L  |p 69278  |r 2012-10-27  |w 2012-10-27  |y BK  |k 675